000
00254nam a22001217a 4500
008
180220b xxu||||| |||| 00| 0 eng d
041
_a
eng
080
_a
616
100
_a
9
101
_a
pat
245
_a
textbook pathology
_c
robins
942
_2
udc
_c
BK
999
_c
42858
_d
42858